00510nam a2200193Ia 4500008004100000020001800041050001400059100001900073245002800092245005500120260001500175260001600190260000900206300001500215300002700230300001000257440004100267500000800308170918s9999 xx 000 0 und d a9780439085700 bB496 1998 aBerger, Melvin aDo stars have points? / cby Melvin Berger ; illustrated by Vincent Di Fate. aNew York : bScholastic, c1998 a48 pages : bcolored illustration ; c20cm. aScholastic question & answer series. a700